书目信息 |
| 题名: |
模拟音频功率放大器设计
|
|
| 作者: | 葛中海 编著 | |
| 分册: | ||
| 出版信息: | 北京 人民邮电出版社 2022 |
|
| 页数: | 235页 | |
| 开本: | 26cm | |
| 丛书名: | 高保真音响系列 | |
| 单 册: | ||
| 中图分类: | TN722.7 , TN7 | |
| 科图分类: | ||
| 主题词: | 音频功放--设计 , 电子电路 | |
| 电子资源: | ||
| ISBN: | 978-7-115-58429-8 | |
| 000 | 01002nam0 2200265 450 | |
| 001 | 2260193120 | |
| 005 | 20220920164345.38 | |
| 010 | @a978-7-115-58429-8@dCNY89.80 | |
| 100 | @a20220614d2022 em y0chiy50 ea | |
| 101 | 0 | @achi |
| 102 | @aCN@b110000 | |
| 105 | @aa z 000yy | |
| 200 | 1 | @a模拟音频功率放大器设计@9mo ni yin pin gong lv fang da qi she ji@f葛中海编著 |
| 210 | @a北京@c人民邮电出版社@d2022 | |
| 215 | @a235页@c图@d26cm | |
| 225 | 1 | @a高保真音响系列 |
| 330 | @a本书主要内容包括:晶体管工作原理,共发射极放大电路的性能与设计,共集电极(射极跟随器)放大电路的性能与应用电路,小功率放大器的设计与制作,单管输入级功率放大器的设计与制作,差动放大器工作原理、设计及在集成运放中的应用,差动输入级功率放大器的设计与制作,甲类功率放大器的设计与制作。 | |
| 461 | 0 | @12001 @a高保真音响系列 |
| 606 | 0 | @a音频功放@x设计 |
| 606 | 0 | @a电子电路 |
| 690 | @aTN722.7@v5 | |
| 690 | @aTN7@v4 | |
| 701 | 0 | @a葛中海@9ge zhong hai@4编著 |
| 801 | 0 | @aCN@b91MARC@c20220617 |
| 905 | @aZUCC@dTN7@e48 | |
| 模拟音频功率放大器设计/葛中海编著.-北京:人民邮电出版社,2022 |
| 235页:图;26cm.-(高保真音响系列) |
| ISBN 978-7-115-58429-8:CNY89.80 |
| 本书主要内容包括:晶体管工作原理,共发射极放大电路的性能与设计,共集电极(射极跟随器)放大电路的性能与应用电路,小功率放大器的设计与制作,单管输入级功率放大器的设计与制作,差动放大器工作原理、设计及在集成运放中的应用,差动输入级功率放大器的设计与制作,甲类功率放大器的设计与制作。 |
| ● |
| 相关链接 |
|
|
|
正题名:模拟音频功率放大器设计
索取号:TN7/48
 
预约/预借
| 序号 | 登录号 | 条形码 | 馆藏地/架位号 | 状态 | 备注 |
| 1 | 2000899212 | 2000899212 | 第三书库/ [索取号:TN7/48] | 在馆 | |
| 2 | 2000899213 | 2000899213 | 第三书库/ [索取号:TN7/48] | 在馆 | |
| 3 | 2000899214 | 2000899214 | 第三书库/ [索取号:TN7/48] | 在馆 |